| 000 | 01196cam a2200313 a 4500 | ||
|---|---|---|---|
| 001 | 17594682 | ||
| 003 | ARRUPE | ||
| 005 | 20140910111926.0 | ||
| 008 | 130117s2013 inuab b 001 0 eng c | ||
| 010 | _a 2013002206 | ||
| 020 | _a9780253008152 (cloth : alk. paper) | ||
| 020 | _a9780253008213 (pbk. : alk. paper) | ||
| 020 | _z9780253008299 (ebook) | ||
| 040 |
_aIEN/DLC _cIEN _dDLC |
||
| 042 | _apcc | ||
| 043 | _af------ | ||
| 050 | 0 | 0 |
_aDT19.8 _b.T45 2013 |
| 245 | 0 | 0 |
_aTeaching Africa : _ba guide for the 21st-century classroom / _cedited by Brandon D. Lundy and Solomon Negash. |
| 260 |
_aBloomington : _bIndiana University Press, _cc2013. |
||
| 300 |
_avi, 299 p. : _bill., maps ; _c23 cm. |
||
| 504 | _aIncludes bibliographical references (p. 257-282) and index. | ||
| 650 | 0 |
_aInterdisciplinary approach in education. _911155 |
|
| 651 | 0 |
_aAfrica _xStudy and teaching, Higher _y21st century. _911156 |
|
| 700 | 1 |
_aLundy, Brandon D., _d1976- _911157 |
|
| 700 | 1 |
_aNegash, Solomon, _d1960- _911158 |
|
| 906 |
_a7 _bcbc _corignew _d1 _eecip _f20 _gy-gencatlg |
||
| 942 |
_2lcc _cMONOGRAPH |
||
| 999 |
_c120803 _d120803 |
||